00781cam a2200229 a 4500001000500000005001700005020001800022040002700040050001300067082001000080100002200090245009200112250004900204260003400253300005200287505000800339520010500347521002000452521002000472650002700492700003200519260820240108092428.0 a9780590454223 aPStdEcPStdEdDLCbeng00aE468.M7800a973.71 aMoore, Kayd1950-10aIf you lived at the time of the Civil War /cby Kay Moore ; illustrated by Anni Matsick aThis edition first printing , September 2006 aNew York :bScholastic,c1994 a64 pages :bcolor illustrations, map ;c20 cm . aX  aDescribes conditions for the civilians in both North and South during and immediately after the war. a900 bLexile  aX bRaz-Plus  1aQuestions and answers.1 aMatsick, Annieillustrator